Governor Control of Hydro Power System Using Fuzzy PID Controller / (Record no. 535400)

000 -LEADER
fixed length control field 00583nam a22001697a 4500
020 ## - INTERNATIONAL STANDARD BOOK NUMBER
Qualifying information Hard Cover.
082 ## - DEWEY DECIMAL CLASSIFICATION NUMBER
Classification number 200
100 ## - MAIN ENTRY--PERSONAL NAME
Personal name Sami, Abdus,
245 ## - TITLE STATEMENT
Title Governor Control of Hydro Power System Using Fuzzy PID Controller /
Statement of responsibility, etc. Abdus Sami
260 ## - PUBLICATION, DISTRIBUTION, ETC.
Place of publication, distribution, etc. Islamabad :
Name of publisher, distributor, etc. PNEC - NUST,
Date of publication, distribution, etc. 2013
300 ## - PHYSICAL DESCRIPTION
Extent 52 p. : ill. ;
Dimensions 30cm.
650 ## - SUBJECT ADDED ENTRY--TOPICAL TERM
Topical term or geographic name entry element MS-. Electrical Engineering
700 ## - ADDED ENTRY--PERSONAL NAME
Personal name Supervisor; Dr. Muhammad Bilal Qadri.
856 ## - Uniform Resource Identifier
Uniform Resource Identifier <a href="http://10.250.8.41:8080/xmlui/handle/123456789/41228">http://10.250.8.41:8080/xmlui/handle/123456789/41228</a>
942 ## - ADDED ENTRY ELEMENTS (KOHA)
Source of classification or shelving scheme
Koha item type Soft Copy
650 ## - SUBJECT ADDED ENTRY--TOPICAL TERM
-- 23567
700 ## - ADDED ENTRY--PERSONAL NAME
-- 127298
Holdings
Withdrawn status Lost status Source of classification or shelving scheme Damaged status Not for loan Permanent Location Current Location Shelving location Date acquired Full call number Barcode Date last seen Price effective from Koha item type
          Central Library (CL) Central Library (CL) Thesis 09/07/2020 200 CL-T-6198 09/07/2020 09/07/2020 Soft Copy
© 2023 Central Library, National University of Sciences and Technology. All Rights Reserved.